[Event "GER-ch Blitz"]
[Site "Viernheim"]
[Date "2023.07.15"]
[Round "29"]
[White "Bluebaum, Matthias"]
[Black "Wyrwich, Thomas"]
[Result "1-0"]
[WhiteElo "2672"]
[BlackElo "2252"]
[PlyCount "89"]
[EventDate "2023.07.15"]
[EventType "tourn (blitz)"]
[EventRounds "29"]
[EventCountry "GER"]
[SourceTitle "CBM 215 Extra"]
[Source "ChessBase"]
[SourceDate "2023.09.30"]
[SourceVersion "1"]
[SourceVersionDate "2023.09.30"]
[SourceQuality "1"]

1. d4 Nf6 2. c4 d6 3. Nf3 Nbd7 4. Nc3 e5 5. Bg5 Be7 6. e3 c6 7. Qc2 0-0 8. Be2 Ne8 9. Bxe7 Qxe7 10. 0-0 Nef6 11. b4 Re8 12. Rfd1 Nf8 13. h3 g6 14. c5 exd4 15. cxd6 Qxd6 16. Rxd4 Qe7 17. Qb2 Be6 18. Rad1 Rad8 19. a3 Rxd4 20. Nxd4 Bc8 21. Bf3 Rd8 22. Nce2 Ne6 23. Qa1 Nxd4 24. Rxd4 Rxd4 25. Qxd4 a6 26. Nc3 Be6 27. Na4 h5 28. Nc5 Bc8 29. e4 Nd7 30. Nd3 Nf8 31. e5 Bf5 32. Nc5 Ne6 33. Nxe6 Bxe6 34. h4 Kh7 35. g3 Bf5 36. Kg2 Qe6 37. Qe3 Bh3+ 38. Kg1 Bg4 39. Bg2 Bf5 40. Qd4 Qa2 41. Qb6 Qb1+ 42. Kh2 Be4 43. Qxb7 Bxg2 44. Qxf7+ Kh6 45. Qf4+ 1-0

[Event "GER-ch Blitz"]
[Site "Viernheim"]
[Date "2023.07.15"]
[Round "14"]
[White "Wyrwich, Thomas"]
[Black "Pajeken, Jakob Leon"]
[Result "0-1"]
[WhiteElo "2252"]
[BlackElo "2430"]
[PlyCount "150"]
[EventDate "2023.07.15"]
[EventType "tourn (blitz)"]
[EventRounds "29"]
[EventCountry "GER"]
[SourceTitle "CBM 215 Extra"]
[Source "ChessBase"]
[SourceDate "2023.09.30"]
[SourceVersion "1"]
[SourceVersionDate "2023.09.30"]
[SourceQuality "1"]

1. Nf3 d5 2. g3 Nc6 3. d4 Bf5 4. Bg2 Nb4 5. Na3 e6 6. c3 Nc6 7. Qb3 Rb8 8. 0-0 Be7 9. Re1 Nf6 10. Bg5 0-0 11. Nd2 Ne4 12. Bxe7 Qxe7 13. Nxe4 Bxe4 14. Bxe4 dxe4 15. Nc2 b6 16. Rad1 Rfd8 17. Ne3 Qf6 18. Qc4 Rd6 19. d5 exd5 20. Rxd5 Re8 21. Rxd6 Qxd6 22. Rd1 Qe6 23. Qxe6 Rxe6 24. Rd7 Re7 25. Rd2 Kf8 26. Kg2 g6 27. g4 f6 28. h4 Kf7 29. Kg3 Ke6 30. Kf4 Kf7 31. Rd5 h6 32. h5 g5+ 33. Kg3 Ke6 34. Rd1 Rh7 35. Nf5 Ne7 36. Nd4+ Ke5 37. f3 c5 38. Nb5 a6 39. Nd6 exf3 40. exf3 b5 41. Ne4 c4 42. Nc5 Nd5 43. Re1+ Kd6 44. Nxa6 Ra7 45. Nb4 Nxb4 46. cxb4 Rxa2 47. Rb1 Ke5 48. Re1+ Kd4 49. Re6 Rxb2 50. Rxf6 c3 51. Rxh6 c2 52. Rd6+ Ke3 53. Rc6 Kd2 54. h6 Rb1 55. f4 gxf4+ 56. Kxf4 Rxb4+ 57. Kf5 Rc4 58. Rxc4 bxc4 59. h7 c1Q 60. h8Q Qc2+ 61. Kg5 c3 62. Qd4+ Qd3 63. Qf2+ Kd1 64. Qg1+ Kc2 65. Kh4 Kb2 66. Qb6+ Ka3 67. Qa5+ Kb3 68. Qb6+ Ka4 69. Qa7+ Kb4 70. Qb6+ Qb5 71. Qd4+ Kb3 72. Qd1+ c2 73. Qc1 Qc5 74. g5 Qd4+ 75. Kh5 Qd1+ 0-1

[Event "GER-ch Blitz"]
[Site "Viernheim"]
[Date "2023.07.15"]
[Round "28"]
[White "Wyrwich, Thomas"]
[Black "Wagner, Dennis"]
[Result "1/2-1/2"]
[WhiteElo "2252"]
[BlackElo "2598"]
[PlyCount "51"]
[EventDate "2023.07.15"]
[EventType "tourn (blitz)"]
[EventRounds "29"]
[EventCountry "GER"]
[SourceTitle "CBM 215 Extra"]
[Source "ChessBase"]
[SourceDate "2023.09.30"]
[SourceVersion "1"]
[SourceVersionDate "2023.09.30"]
[SourceQuality "1"]

1. Nf3 c5 2. c4 Nf6 3. g3 b6 4. Bg2 Bb7 5. 0-0 e6 6. Nc3 Be7 7. b3 0-0 8. Bb2 d5 9. cxd5 Nxd5 10. Nxd5 Bxd5 11. d4 Nd7 12. dxc5 Nxc5 13. Ne1 Bf6 14. Bxf6 Qxf6 15. Bxd5 Rad8 16. Nf3 Rxd5 17. Qc2 a5 18. Rad1 Rfd8 19. Kg2 g6 20. Rxd5 Rxd5 21. h4 h5 22. Rd1 Qd8 23. Rxd5 Qxd5 24. Qd2 Qe4 25. Qd8+ Kg7 26. Qxb6 1/2-1/2

[Event "Regionalliga SW 0708"]
[Site "Bayern"]
[Date "2008.04.20"]
[Round "9.2"]
[White "Wyrwich, Thomas"]
[Black "Urankar, Hans Peter"]
[Result "1/2-1/2"]
[WhiteElo "2178"]
[BlackElo "2130"]
[PlyCount "51"]
[EventDate "2007.10.21"]
[EventType "team-tourn"]
[EventRounds "9"]
[EventCountry "GER"]
[SourceTitle "EXT 2009"]
[Source "ChessBase"]
[SourceDate "2008.11.26"]
[SourceVersion "1"]
[SourceVersionDate "2008.11.26"]
[SourceQuality "1"]
[WhiteTeam "Muenchen Tarrasch II"]
[BlackTeam "Unterhaching"]
[WhiteTeamCountry "GER"]
[BlackTeamCountry "GER"]

1. d4 f5 2. g3 Nf6 3. Bg2 g6 4. c3 d6 5. Nf3 Bg7 6. Qb3 Nc6 7. Ng5 d5 8. 0-0 e6 9. Nd2 0-0 10. Nh3 b6 11. Nf3 Bb7 12. Nf4 Qe7 13. Nd3 Ne4 14. h4 Na5 15. Qa4 Bc6 16. Qc2 Rfe8 17. Bf4 Bb7 18. Be5 Bf8 19. e3 c5 20. Rac1 Nc6 21. Rfe1 a5 22. Kh2 Nxe5 23. Nfxe5 b5 24. Qe2 c4 25. Bxe4 dxe4 26. Nc5 1/2-1/2

[Event "Latschach op 23rd"]
[Site "Latschach"]
[Date "2007.08.12"]
[Round "3"]
[White "Wyrwich, Thomas"]
[Black "Verhoef, Helge"]
[Result "1-0"]
[WhiteElo "2253"]
[BlackElo "2060"]
[PlyCount "111"]
[EventDate "2007.08.11"]
[EventType "swiss"]
[EventRounds "9"]
[EventCountry "AUT"]
[SourceTitle "CBM 120 Extra"]
[Source "ChessBase"]
[SourceDate "2007.11.01"]
[SourceVersion "1"]
[SourceVersionDate "2007.11.01"]
[SourceQuality "1"]

1. Nf3 d5 2. d4 Nf6 3. c4 c6 4. e3 Bf5 5. Nc3 e6 6. Nh4 Bg6 7. Qb3 Qc7 8. Be2 Nbd7 9. h3 Bd6 10. Nxg6 hxg6 11. Bd2 0-0 12. Rc1 a6 13. c5 Be7 14. f4 Nh5 15. Bxh5 Bh4+ 16. g3 Bxg3+ 17. Ke2 gxh5 18. h4 Qd8 19. Qxb7 Bxh4 20. Qxc6 Ra7 21. Rcg1 g6 22. b4 Kh7 23. Qa4 Be7 24. Qc2 f5 25. Be1 Nf6 26. Bh4 Ne4 27. Bxe7 Nxc3+ 28. Qxc3 Qxe7 29. Rg5 Qe8 30. c6 Rc7 31. Rc1 Qa8 32. a4 Rfc8 33. b5 axb5 34. axb5 Qa4 35. Qd3 Rb8 36. Rc5 Qa2+ 37. Kf3 Qh2 38. Qf1 Qb2 39. Rg2 Qb4 40. Ra2 Qb3 41. Qe2 Qb1 42. Rb2 Qh1+ 43. Qg2 Qd1+ 44. Kg3 Qe1+ 45. Qf2 Qh1 46. Qh2 Qe1+ 47. Qf2 Qh1 48. Qg2 Qe1+ 49. Kh2 Qxe3 50. Qf2 Qa3 51. b6 Kh6 52. Ra2 Qd3 53. bxc7 Rb3 54. Qg2 Qxd4 55. Qg5+ Kh7 56. c8Q 1-0

[Event "Oberliga Bayern 0607"]
[Site "Bayern"]
[Date "2006.12.10"]
[Round "4.5"]
[White "Schuster, Karsten"]
[Black "Wyrwich, Thomas"]
[Result "1-0"]
[WhiteElo "2153"]
[BlackElo "2229"]
[PlyCount "109"]
[EventDate "2006.10.15"]
[EventType "team-tourn"]
[EventRounds "9"]
[EventCountry "GER"]
[SourceTitle "EXT 2008"]
[Source "ChessBase"]
[SourceDate "2007.11.25"]
[SourceVersion "1"]
[SourceVersionDate "2007.11.25"]
[SourceQuality "1"]
[WhiteTeam "Groebenzell"]
[BlackTeam "Muenchen Tarrasch"]
[WhiteTeamCountry "GER"]
[BlackTeamCountry "GER"]

1. d4 e6 2. c4 b6 3. Nc3 Bb7 4. Bf4 f5 5. e3 Nf6 6. f3 Nh5 7. Nh3 Nxf4 8. Nxf4 Qh4+ 9. g3 Qf6 10. Bg2 g5 11. Nd3 Bg7 12. Qd2 Nc6 13. Rc1 f4 14. Ne4 Qh6 15. gxf4 gxf4 16. Nxf4 0-0 17. Ne2 Ne7 18. 0-0 Kh8 19. f4 Qg6 20. N2g3 Rg8 21. Ng5 Bxg2 22. Qxg2 Bf6 23. N5e4 Bh4 24. Rf3 Nf5 25. Qc2 Bxg3 26. Nxg3 Nh4 27. Rf2 Nf5 28. Rf3 Nh4 29. Rff1 Nf5 30. Kf2 Qh6 31. Rh1 Qh4 32. Rcg1 Rg4 33. Qe4 Rag8 34. Kf1 Qh3+ 35. Ke1 Qh4 36. Kd1 Qf6 37. Re1 c5 38. Nxf5 exf5 39. Qe5 Qxe5 40. dxe5 Rg2 41. Re2 Rxe2 42. Kxe2 Rg2+ 43. Kf3 Rxb2 44. Rd1 Rxa2 45. Rxd7 Kg8 46. e6 Kf8 47. Rxh7 a5 48. h4 a4 49. Ra7 Rh2 50. e4 Rh3+ 51. Kg2 Rxh4 52. Kg3 Rh5 53. exf5 Rxf5 54. Kg4 Rf6 55. f5 1-0

[Event "NRW Class2 0405"]
[Site "Germany"]
[Date "2005.04.03"]
[Round "8.5"]
[White "Wyrwich, Thomas"]
[Black "Goessling, Guido"]
[Result "1/2-1/2"]
[WhiteElo "2256"]
[BlackElo "2213"]
[PlyCount "42"]
[EventDate "2004.10.10"]
[EventType "team"]
[EventRounds "9"]
[EventCountry "GER"]
[SourceTitle "EXT 2006"]
[Source "ChessBase"]
[SourceDate "2005.11.24"]
[SourceVersion "1"]
[SourceVersionDate "2005.11.24"]
[SourceQuality "1"]
[WhiteTeam "Bochum II"]
[BlackTeam "Bielefeld"]
[WhiteTeamCountry "GER"]
[BlackTeamCountry "GER"]

1. c4 c6 2. e4 e5 3. d4 Bb4+ 4. Bd2 Bxd2+ 5. Qxd2 d6 6. Nc3 Nf6 7. 0-0-0 Qc7 8. f4 Bg4 9. Nf3 Nbd7 10. h3 Bxf3 11. gxf3 0-0-0 12. h4 Nh5 13. Ne2 Kb8 14. Kb1 Nb6 15. Rc1 Qe7 16. d5 cxd5 17. cxd5 Qf6 18. f5 g6 19. Qg5 Rc8 20. Bh3 Rxc1+ 21. Rxc1 Qxg5 1/2-1/2

[Event "Ruhrgebiet Regionalliga 0304"]
[Site "Ruhrgebiet"]
[Date "2004.05.02"]
[Round "9.3"]
[White "Wyrwich, Thomas"]
[Black "Van Beek, Alexander"]
[Result "1/2-1/2"]
[WhiteElo "2225"]
[BlackElo "2331"]
[PlyCount "45"]
[EventDate "2003.10.05"]
[EventType "team"]
[EventRounds "9"]
[EventCountry "GER"]
[SourceTitle "EXT 2007"]
[Source "ChessBase"]
[SourceDate "2006.11.23"]
[SourceVersion "1"]
[SourceVersionDate "2006.11.23"]
[SourceQuality "1"]
[WhiteTeam "Bochum 31 II"]
[BlackTeam "Erkenschwick"]
[WhiteTeamCountry "GER"]
[BlackTeamCountry "GER"]

1. d4 d5 2. Nf3 Nf6 3. c4 c6 4. e3 Bf5 5. Nc3 e6 6. Bd3 Bg6 7. 0-0 Nbd7 8. b3 Be7 9. Bb2 0-0 10. Qe2 Ne4 11. Qc2 f5 12. Ne2 Bd6 13. Ne5 Qc7 14. f4 Bh5 15. a4 Bxe2 16. Qxe2 Nxe5 17. fxe5 Bb4 18. Ba3 Qa5 19. Bxb4 Qxb4 20. Qc2 Rac8 21. Bxe4 fxe4 22. Rxf8+ Rxf8 23. Rf1 1/2-1/2

[Event "Ruhrgebiet Regionalliga 0304"]
[Site "Ruhrgebiet"]
[Date "2004.02.15"]
[Round "6.2"]
[White "Wyrwich, Thomas"]
[Black "Weidemann, Christian"]
[Result "1/2-1/2"]
[WhiteElo "2225"]
[BlackElo "2213"]
[PlyCount "82"]
[EventDate "2003.10.05"]
[EventType "team"]
[EventRounds "9"]
[EventCountry "GER"]
[SourceTitle "EXT 2007"]
[Source "ChessBase"]
[SourceDate "2006.11.23"]
[SourceVersion "1"]
[SourceVersionDate "2006.11.23"]
[SourceQuality "1"]
[WhiteTeam "Bochum 31 II"]
[BlackTeam "Kamen"]
[WhiteTeamCountry "GER"]
[BlackTeamCountry "GER"]

1. Nf3 Nf6 2. c4 c6 3. d4 d5 4. Nbd2 g6 5. g3 Bg7 6. Bg2 0-0 7. 0-0 Ne4 8. Qb3 a5 9. a4 Na6 10. e3 dxc4 11. Qxc4 Be6 12. Qe2 Bd5 13. Nxe4 Bxe4 14. Bd2 Nb4 15. Bxb4 axb4 16. Rfd1 Qd5 17. Ne1 Bxg2 18. Nxg2 Rfd8 19. Nf4 Qd6 20. Nd3 e5 21. dxe5 Bxe5 22. Rac1 Qe7 23. Rc4 Bg7 24. Nxb4 Rxd1+ 25. Qxd1 Bxb2 26. Qb3 Bf6 27. Nd3 Kg7 28. Nc5 Rb8 29. Ne4 b5 30. axb5 cxb5 31. Rb4 Qe6 32. Qxe6 fxe6 33. Nxf6 Kxf6 34. Kf1 Ke5 35. Ke2 Kd5 36. Kd3 Kc5 37. Kc3 Ra8 38. Re4 Ra2 39. Rxe6 Rxf2 40. Re5+ Kc6 41. h4 Rf3 1/2-1/2

[Event "Ruhrgebiet Regionalliga 0304"]
[Site "Ruhrgebiet"]
[Date "2003.11.09"]
[Round "3.4"]
[White "Mueller, Michael2222"]
[Black "Wyrwich, Thomas"]
[Result "1/2-1/2"]
[WhiteElo "2179"]
[BlackElo "2225"]
[PlyCount "99"]
[EventDate "2003.10.05"]
[EventType "team"]
[EventRounds "9"]
[EventCountry "GER"]
[SourceTitle "EXT 2007"]
[Source "ChessBase"]
[SourceDate "2006.11.23"]
[SourceVersion "1"]
[SourceVersionDate "2006.11.23"]
[SourceQuality "1"]
[WhiteTeam "Ahlen"]
[BlackTeam "Bochum 31 II"]
[WhiteTeamCountry "GER"]
[BlackTeamCountry "GER"]

1. d4 Nf6 2. Nf3 e6 3. g3 c5 4. Bg2 Qa5+ 5. c3 Be7 6. 0-0 0-0 7. Nbd2 cxd4 8. Nb3 Qb6 9. Nfxd4 a6 10. e4 d6 11. Be3 Qc7 12. h3 Nbd7 13. f4 Re8 14. Qe2 Nb6 15. g4 Nc4 16. Bf2 e5 17. fxe5 dxe5 18. Nf5 Bf8 19. g5 Nd7 20. Kh2 Ndb6 21. Bg3 Bd7 22. Rf2 Rad8 23. Raf1 Qc8 24. Bh4 Be6 25. g6 hxg6 26. Bxd8 Rxd8 27. Ng3 a5 28. Rd1 Rxd1 29. Qxd1 Be7 30. Nc1 Ne3 31. Qf3 Nbc4 32. b3 Nxg2 33. Rxg2 Nd6 34. Nge2 Qc6 35. Nd3 Nxe4 36. c4 Bf5 37. Qe3 Qe6 38. Rg1 b6 39. Rg2 Nc5 40. Nf2 Nd7 41. Ne4 Nc5 42. N2c3 Nxe4 43. Nxe4 Bxe4 44. Qxe4 Bc5 45. Qa8+ Kh7 46. Rg4 Qf6 47. Qe4 Qf2+ 48. Kh1 Qf1+ 49. Kh2 Qf2+ 50. Kh1 1/2-1/2

[Event "Recklinghausen op 13th"]
[Site "Recklinghausen"]
[Date "2002.08.22"]
[Round "6"]
[White "Wyrwich, Thomas"]
[Black "Zeier, Robert"]
[Result "1-0"]
[WhiteElo "2259"]
[BlackElo "2142"]
[PlyCount "93"]
[EventDate "2002.08.19"]
[EventType "swiss"]
[EventRounds "9"]
[EventCountry "GER"]
[SourceTitle "CBM 089 Extra"]
[Source "ChessBase"]
[SourceDate "2002.09.10"]
[SourceVersion "2"]
[SourceVersionDate "2002.09.10"]
[SourceQuality "1"]

1. d4 Nf6 2. Nf3 g6 3. g3 Bg7 4. Bg2 0-0 5. 0-0 d6 6. c4 Nc6 7. Nc3 a6 8. d5 Na5 9. b3 c5 10. dxc6 Nxc6 11. Bb2 Qa5 12. Qc1 Qh5 13. Qg5 Qxg5 14. Nxg5 Bf5 15. e4 Bg4 16. h3 Bd7 17. Nd5 Nxd5 18. Bxg7 Kxg7 19. exd5 Na5 20. Rac1 Rac8 21. Nf3 b5 22. cxb5 axb5 23. Nd4 e5 24. Nc6 Ra8 25. Rc2 Bf5 26. Rd2 Rfc8 27. Rc1 Rc7 28. g4 Bd7 29. Rdc2 Rac8 30. Bf1 Nxc6 31. Bxb5 Nd4 32. Rxc7 Rxc7 33. Rxc7 Bxb5 34. a4 Be2 35. b4 Kf6 36. Rd7 Kg5 37. Rxf7 h5 38. gxh5 gxh5 39. b5 Nxb5 40. axb5 Bxb5 41. h4+ Kxh4 42. Rf6 Kg5 43. Rxd6 Kf5 44. Rh6 Ke4 45. d6 Kd5 46. Rxh5 Kxd6 47. f4 1-0

[Event "Recklinghausen op 13th"]
[Site "Recklinghausen"]
[Date "2002.08.20"]
[Round "4"]
[White "Wyrwich, Thomas"]
[Black "Koscielski, Janusch"]
[Result "1/2-1/2"]
[WhiteElo "2259"]
[BlackElo "2287"]
[PlyCount "106"]
[EventDate "2002.08.19"]
[EventType "swiss"]
[EventRounds "9"]
[EventCountry "GER"]
[SourceTitle "CBM 089 Extra"]
[Source "ChessBase"]
[SourceDate "2002.09.10"]
[SourceVersion "2"]
[SourceVersionDate "2002.09.10"]
[SourceQuality "1"]

1. d4 f5 2. g3 Nf6 3. Bg2 g6 4. c3 d6 5. Nf3 Bg7 6. Qb3 e6 7. Ng5 d5 8. 0-0 0-0 9. Nd2 Kh8 10. Nh3 c6 11. Nf3 Ng4 12. Nf4 e5 13. dxe5 Nxe5 14. Nxe5 Bxe5 15. Be3 Qe7 16. Nd3 Bd6 17. c4 dxc4 18. Qxc4 Na6 19. Bd4+ Rf6 20. Qc3 Kg7 21. Rfd1 Bc7 22. a3 Bb6 23. Bxf6+ Qxf6 24. Qxf6+ Kxf6 25. h4 Nc5 26. Nxc5 Bxc5 27. Rac1 Be7 28. e3 Be6 29. Bf1 Bd5 30. Bg2 Be6 31. Rd2 h6 32. Re1 g5 33. hxg5+ hxg5 34. e4 f4 35. e5+ Kf7 36. gxf4 gxf4 37. Rd4 Bg5 38. Ree4 Bf5 39. Rxf4 Bxf4 40. Rxf4 Ke6 41. Be4 Kxe5 42. Rxf5+ Kxe4 43. Rf7 b5 44. Rc7 Kd5 45. Kf1 a5 46. Ke2 Rf8 47. Re7 c5 48. Re3 c4 49. Re7 c3 50. bxc3 Kc4 51. Rc7+ Kb3 52. Rc5 Rb8 53. Kd3 Kxa3 1/2-1/2

[Event "BL2-West 0102"]
[Site "Germany"]
[Date "2002.03.17"]
[Round "7.7"]
[White "Wyrwich, Thomas"]
[Black "Rosen, Bernd"]
[Result "1/2-1/2"]
[WhiteElo "2255"]
[BlackElo "2323"]
[PlyCount "59"]
[EventDate "2001.10.07"]
[EventType "team-tourn"]
[EventRounds "9"]
[EventCountry "GER"]
[SourceTitle "CBM 088 Extra"]
[Source "ChessBase"]
[SourceDate "2002.07.01"]
[SourceVersion "2"]
[SourceVersionDate "2002.07.01"]
[SourceQuality "1"]
[WhiteTeam "Bochum"]
[BlackTeam "Katernberg"]
[WhiteTeamCountry "GER"]
[BlackTeamCountry "GER"]

1. e4 c5 2. Nf3 e6 3. d4 cxd4 4. Nxd4 Nf6 5. Nc3 Nc6 6. Ndb5 Bb4 7. a3 Bxc3+ 8. Nxc3 d5 9. exd5 exd5 10. Bd3 0-0 11. 0-0 d4 12. Ne4 Bf5 13. Bg5 Bxe4 14. Bxe4 h6 15. Bxf6 Qxf6 16. Re1 Rad8 17. Qf3 Qxf3 18. Bxf3 d3 19. cxd3 Rxd3 20. Rad1 Rxd1 21. Rxd1 Rd8 22. Rxd8+ Nxd8 23. Bd5 Kf8 24. f4 Ke7 25. Kf2 Kd6 26. Ba2 f6 27. Ke3 Nc6 28. Ke4 Ne7 29. h4 b6 30. g3 1/2-1/2

[Event "Dortmund Sparkassen op-A"]
[Site "Dortmund"]
[Date "2000.07.15"]
[Round "9"]
[White "Huhndorf, Arnold"]
[Black "Wyrwich, Thomas"]
[Result "1/2-1/2"]
[WhiteElo "2233"]
[BlackElo "2269"]
[PlyCount "27"]
[EventDate "2000.07.07"]
[EventType "swiss"]
[EventRounds "10"]
[EventCountry "GER"]
[SourceTitle "EXT 2001"]
[Source "ChessBase"]
[SourceDate "2000.11.22"]
[SourceVersion "1"]
[SourceVersionDate "2000.11.22"]
[SourceQuality "1"]

1. d4 e6 2. c4 b6 3. a3 Bb7 4. d5 f5 5. Nc3 Nf6 6. Nf3 Be7 7. g3 0-0 8. Bg2 Ne4 9. Bd2 Bf6 10. Rc1 c6 11. dxe6 dxe6 12. 0-0 c5 13. Ne1 Nd6 14. Bxb7 1/2-1/2

[Event "Dortmund Sparkassen op-A"]
[Site "Dortmund"]
[Date "2000.07.14"]
[Round "8"]
[White "Wyrwich, Thomas"]
[Black "Peschel, Andreas"]
[Result "1-0"]
[WhiteElo "2269"]
[BlackElo "2178"]
[PlyCount "77"]
[EventDate "2000.07.07"]
[EventType "swiss"]
[EventRounds "10"]
[EventCountry "GER"]
[SourceTitle "EXT 2001"]
[Source "ChessBase"]
[SourceDate "2000.11.22"]
[SourceVersion "1"]
[SourceVersionDate "2000.11.22"]
[SourceQuality "1"]

1. c4 c5 2. Nf3 b6 3. g3 Bb7 4. Bg2 e6 5. 0-0 Nf6 6. Nc3 a6 7. b3 Qc7 8. Bb2 d6 9. Rc1 Nbd7 10. e3 Rc8 11. d4 cxd4 12. exd4 Qb8 13. d5 e5 14. Qe2 g6 15. Nd4 Bg7 16. Nc6 Bxc6 17. dxc6 Nc5 18. b4 Ne6 19. b5 Nd4 20. Qd3 0-0 21. a4 Ne8 22. Nd5 Qa7 23. Bxd4 exd4 24. Rfe1 Nc7 25. Ne7+ Kh8 26. Nxc8 Rxc8 27. Re7 axb5 28. axb5 Qa2 29. Re2 Qa4 30. Bd5 Qb4 31. Re7 Qc5 32. Rce1 Bf6 33. Rxf7 Nxd5 34. cxd5 Be5 35. Qf3 Kg8 36. Rxe5 dxe5 37. Qf6 Qc1+ 38. Kg2 Qh6 39. d6 1-0